000 01485nam a22003133u 4500
001 drd-7205073
003 Dreier
005 20230402135219.0
007 tu
008 220120b2009 ||||| |||| 00| u eng d
020 _a9781594032462
_9978-1-59403-246-2
040 _aRU-10907106
_bger
_cRU-10907106
041 _aeng
100 1 _aFelshtinsky, Yuri
_4aut
_eAuthor
_9771
245 1 0 _aThe Corporation
_bRussia and the KGB in the Age of President Putin
_cYuri Felshtinsky
264 _aNew York
_bEncounter Books,USA
_c2009
300 _a300 S.
336 _aText
_btxt
_2rdacontent
337 _aohne Hilfsmittel zu benutzen
_bn
_2rdamedia
338 _aBand
_bnc
_2rdacarrier
520 _aFelshtinsky's, The Corporation, brings forth the truths of Putin's reign and the team of FSB agents that serve him loyally. This book illustrates Putin as representing a completely new phenomenon, never before encountered by mankind. Suspected of numerous murders throughout his life, including Alexander Litvinenko and Anna Politkovskaya, Vladimir Putin has continually kept himself untouched by authorities. And even now as he leaves office, his strong hold on Russia continues on to the Prime Minister's seat.
600 _aPutin, Vladimir Vladimirovič <1952->
_922318
610 _aSowjetunion. Komitet Gosudarstvennoj Bezopasnosti
648 _a2000-2007
_922319
648 _a1992-2007
_922320
650 _aPolitik
651 _aRussland
942 _cMG
_2z
999 _c58852
_d58852